Wavelength division multiple access optical networks / (Record no. 175916)
[ view plain ]
| 000 -LEADER | |
|---|---|
| fixed length control field | 00944 a2200253 4500 |
| 003 - CONTROL NUMBER IDENTIFIER | |
| control field | Nust |
| 005 - DATE AND TIME OF LATEST TRANSACTION | |
| control field | 20170207152513.0 |
| 010 ## - LIBRARY OF CONGRESS CONTROL NUMBER | |
| LC control number | 98002922 |
| 020 ## - INTERNATIONAL STANDARD BOOK NUMBER | |
| International Standard Book Number | 0890066574 (alk. paper) |
| 040 ## - CATALOGING SOURCE | |
| Transcribing agency | Nust |
| 082 00 - DEWEY DECIMAL CLASSIFICATION NUMBER | |
| Classification number | 621.3827 |
| 100 1# - MAIN ENTRY--PERSONAL NAME | |
| Personal name | Borella, Andrea. |
| 245 10 - TITLE STATEMENT | |
| Title | Wavelength division multiple access optical networks / |
| Statement of responsibility, etc. | Andrea Borella, Giovanni Cancellieri, Franco Chiaraluce. |
| 260 ## - PUBLICATION, DISTRIBUTION, ETC. | |
| Place of publication, distribution, etc. | Boston : |
| Name of publisher, distributor, etc. | Artech House, |
| Date of publication, distribution, etc. | c1998. |
| 300 ## - PHYSICAL DESCRIPTION | |
| Extent | x, 322 p. : |
| Other physical details | ill. ; |
| Dimensions | 24 cm. |
| 440 #0 - SERIES STATEMENT/ADDED ENTRY--TITLE | |
| Title | Artech House optoelectronics library |
| 500 ## - GENERAL NOTE | |
| General note | Optical Networking (Page-1), Single Hop Optical Networks (Page-27), Multihop Optical Network (Page-139), Multilevel Optical Networks (Page-275)index 315 |
| 538 ## - SYSTEM DETAILS NOTE | |
| System details note | Almirah No 26 Shelf No 5 |
| 650 #0 - SUBJECT ADDED ENTRY--TOPICAL TERM | |
| Topical term or geographic name entry element | Light |
| General subdivision | Wave length. |
| 650 #0 - SUBJECT ADDED ENTRY--TOPICAL TERM | |
| Topical term or geographic name entry element | Telecommunication engineering |
| 650 #0 - SUBJECT ADDED ENTRY--TOPICAL TERM | |
| Topical term or geographic name entry element | Wavelength division multiplexing |
| General subdivision | Congresses. |
| 700 1# - ADDED ENTRY--PERSONAL NAME | |
| Personal name | Cancellieri, Giovanni. |
| 700 1# - ADDED ENTRY--PERSONAL NAME | |
| Personal name | Chiaraluce, Franco. |
| 942 ## - ADDED ENTRY ELEMENTS (KOHA) | |
| Koha item type | Reference |
| Withdrawn status | Lost status | Source of classification or shelving scheme | Damaged status | Not for loan | Collection code | Permanent Location | Current Location | Date acquired | Total Checkouts | Full call number | Barcode | Date last seen | Price effective from | Koha item type |
|---|---|---|---|---|---|---|---|---|---|---|---|---|---|---|
| Military College of Signals (MCS) | Military College of Signals (MCS) | 12/12/2016 | 621.3827 BOR | MCS26760 | 12/08/2016 | 12/12/2016 | Book |
